[Event "Siberian Bank Cup"]
[Site "Novosibirsk RUS"]
[Date "2012.11.18"]
[Round "10"]
[White "Smirnov, Pavel"]
[Black "Andreikin, Dmitry"]
[Result "1-0"]
[WhiteTitle "GM"]
[BlackTitle "GM"]
[WhiteElo "2610"]
[BlackElo "2723"]
[WhiteFideId "4123425"]
[BlackFideId "4158814"]
[EventDate "2012.11.17"]

1. d4 g6 2. e4 Bg7 3. c4 d6 4. Nc3 Nc6 5. Be3 Nf6 6. f3 e5 7. Nge2 exd4 8. Nxd4
O-O 9. Qd2 Re8 10. O-O-O a6 11. h4 Nxd4 12. Bxd4 b5 13. cxb5 axb5 14. Bxb5 Bd7
15. Bxd7 Qxd7 16. h5 Qe6 17. hxg6 hxg6 18. Qg5 c5 19. Bxf6 Bxf6 20. Qd5 Bxc3 21.
Qxe6 Rxe6 22. bxc3 Rxa2 23. Rh2 c4 24. Rd4 d5 25. Rxd5 Rb6 26. Rd8+ Kg7 27. e5
Ra3 28. Rdh8 Ra1+ 29. Kd2 g5 30. R2h7+ Kg6 31. Rh6+ Kg7 32. Rxb6 Kxh8 33. Ke3
Kg7 34. Kd4 g4 35. fxg4 Rf1 36. Rf6 Re1 37. Rf4 Kg6 38. Re4 Rg1 39. Kxc4 Rxg2
40. Kd5 Kg7 41. c4 Kf8 42. e6 f6 43. e7+ Ke8 44. Ke6 Rf2 45. Re1 f5 46. Ra1 Re2+
47. Kf6 fxg4 48. Ra8+ Kd7 49. Rd8+ 1-0

[Event "Siberian Bank Cup"]
[Site "Novosibirsk RUS"]
[Date "2012.11.18"]
[Round "11"]
[White "Andreikin, Dmitry"]
[Black "Bocharov, Dmitry"]
[Result "0-1"]
[WhiteTitle "GM"]
[BlackTitle "GM"]
[WhiteElo "2723"]
[BlackElo "2620"]
[WhiteFideId "4158814"]
[BlackFideId "4138716"]
[EventDate "2012.11.17"]

1. e4 e6 2. d4 d5 3. Nc3 Nc6 4. Be3 Bb4 5. e5 f6 6. Bd3 fxe5 7. Qh5+ Kf8 8. dxe5
Qe8 9. Qh4 Nge7 10. Nf3 Kg8 11. O-O Bd7 12. Ne2 h6 13. Rac1 Qf7 14. c4 dxc4 15.
Rxc4 Nf5 16. Bxf5 Be7 17. Qg3 exf5 18. Rfc1 Kh7 19. h4 Be6 20. R4c3 Bxa2 21. Nf4
Bd5 22. Nd4 Nxe5 23. Rxc7 Rad8 24. Nfe6 Bxe6 25. Qxe5 Bd7 26. Rxb7 Bf6 27. Qa5
f4 28. Qxa7 fxe3 29. Nc6 Qd5 30. Nxd8 exf2+ 31. Kh1 Rxd8 0-1

[Event "Siberian Bank Cup"]
[Site "Novosibirsk RUS"]
[Date "2012.11.18"]
[Round "11"]
[White "Nepomniachtchi, Ian"]
[Black "Smirnov, Pavel"]
[Result "1-0"]
[WhiteTitle "GM"]
[BlackTitle "GM"]
[WhiteElo "2707"]
[BlackElo "2610"]
[WhiteFideId "4168119"]
[BlackFideId "4123425"]
[EventDate "2012.11.17"]

1. e4 e5 2. Nf3 Nc6 3. d4 exd4 4. Nxd4 Nf6 5. Nc3 Bb4 6. Nxc6 bxc6 7. Bd3 d5 8.
exd5 O-O 9. O-O cxd5 10. h3 Re8 11. Qf3 c6 12. Bf4 Bd6 13. Rfe1 Be6 14. Ne2 c5
15. Rad1 h6 16. b3 a5 17. Ng3 Bxf4 18. Qxf4 Qb8 19. Qf3 a4 20. Nf5 Bxf5 21. Qxf5
Qb4 22. Kf1 a3 23. Qf3 Rab8 24. c3 Qa5 25. g3 Kf8 26. Bc2 Rxe1+ 27. Rxe1 Re8 28.
Rxe8+ Nxe8 29. Qxd5 Qxc3 30. Bd3 Qd4 31. Qxd4 cxd4 32. Ke2 Nd6 33. Bb1 Ke7 34.
Kd3 Nb5 35. Kc4 Nc3 36. Kxd4 Nxb1 37. Kd3 Kd6 38. Kc2 Kc5 39. Kxb1 Kd4 40. Kc2
f5 41. b4 Kc4 42. b5 Kxb5 43. Kb3 g5 44. Kxa3 Kc4 45. Kb2 Kd3 46. a4 Ke2 47. a5
f4 48. gxf4 gxf4 49. a6 f3 50. a7 Kxf2 51. a8=Q 1-0

[Event "Siberian Bank Cup"]
[Site "Novosibirsk RUS"]
[Date "2012.11.18"]
[Round "11"]
[White "Maletin, Pavel"]
[Black "Rublevsky, Sergei"]
[Result "0-1"]
[WhiteTitle "GM"]
[BlackTitle "GM"]
[WhiteElo "2567"]
[BlackElo "2688"]
[WhiteFideId "4146786"]
[BlackFideId "4115309"]
[EventDate "2012.11.17"]

1. c4 e5 2. g3 Nf6 3. Bg2 d5 4. cxd5 Nxd5 5. Nc3 Nb6 6. e3 Nc6 7. Nge2 Be7 8.
O-O O-O 9. f4 exf4 10. Nxf4 Ne5 11. d4 Ng6 12. Qh5 Nxf4 13. Rxf4 c6 14. Bd2 Nc4
15. Qe2 Nxd2 16. Qxd2 Be6 17. Raf1 Qd7 18. Kh1 Rad8 19. Qe2 Rfe8 20. Qh5 g6 21.
Qh6 Bf8 22. Qh4 Qe7 23. Qxe7 Rxe7 24. R4f2 Bc4 25. Re1 Rxd4 26. b3 Ba6 27. Na4
Re8 28. Bf1 Bxf1 29. Rexf1 Rd7 30. Rf3 f5 31. Nc3 Bg7 32. Nd1 Rd2 0-1